| 000 | 00874nam a22002417a 4500 | ||
|---|---|---|---|
| 005 | 20170830085337.0 | ||
| 008 | 170829b1983 ck ||||| |||| 00| 0 spa d | ||
| 040 |
_aCO-BoIAVH _cCO-BoIAVH |
||
| 041 | _aspa | ||
| 044 | _ack | ||
| 082 |
_a587.3 _bM97u |
||
| 100 | 1 | _aMurillo, Maria Teresa | |
| 245 | 1 | 0 |
_aUsos de los Helechos: _ben Suramérica con especial referencia a Colombia |
| 260 |
_aBogotá: _bUniversidad Nacional de Colombia, _c1983. |
||
| 300 |
_a156. páginas _bIlustraciones _c23 x 16 cm |
||
| 490 |
_aSerie Biblioteca Jose Jeronimo Triana, Instituto de Ciencias Naturales, Universidad Nacional de Colombia _v5 |
||
| 650 | 1 | 4 |
_aHelechos _vUsos |
| 650 | 1 | 4 |
_aHelechos _vPropiedades |
| 650 | 1 | 4 |
_aHelechos _vDistribucción |
| 650 | 1 | 4 |
_aHelechos _vDescripción |
| 650 | 1 | 4 |
_aPteridofitos _vClaves |
| 942 |
_2ddc _cLIBRO |
||
| 999 |
_c19785 _d19785 |
||